Quizzes
Events
Quiz Creation
Community
Videos
Private Events
Remove Ads
Sign In
Join for FREE
Feedback
Dark Mode
Quiz Categories
Sports
Geography
Music
Movies
Television
Just For Fun
Miscellaneous
History
Literature
Language
Science
Gaming
Entertainment
Religion
Holiday
For Kids
Quiz Lab
Recent
Popular Today
Quiz Kudos Today
Editor Picks
Curator Picks
Quizzes by...
Day
Popularity
Type
Ratings
Length
Year
Community
Subscriptions
Recent Discussions
Orange Saloon
Badges
Playlists
Quests
Create
Leaderboards
Showdown
Live 5
Trivia Bingo
Activity
Puzzle Library
Sporcle Events
Private Events
Virtual Trivia
Globe League
Become a Host
Pub Owners
SporcleCon
Opinionation
Our Games
Videos
Blog
Mobile Apps
Partnerships
Remove Ads and Go Orange
Feedback
Sports
Athletes
MLB
NBA
NHL
NFL
Soccer
Sports Teams
WWE
NCAA
Football
Premier League
Basketball
Baseball
Hockey
Golf
Tennis
Cricket
Rugby
Auto Racing
Olympics
World Cup
Sports
Athletes
MLB
NBA
NHL
NFL
Soccer
Sports Teams
WWE
NCAA
Football
Premier League
Basketball
Baseball
Hockey
Golf
Tennis
Cricket
Rugby
Auto Racing
Olympics
World Cup
Random Quiz
Search Sporcle
×
Quiz Lab
Quiz Lab
Sports
Football
Type in answers that appear in a list
Type in answers that appear in a list
Classic
Best Score? Go Orange.
Browns pass attempts since 1999 Stats
Can you name the Browns players to attempt at least one pass since 1999?
By
yutzyheat
10m
43 Questions
50 Plays
50 Plays
50 Plays
Comments
Comments
Give Quiz Kudos
Give Quiz Kudos
-
- Ratings
hide this ad
Replay
Link that replays current quiz
Next Quiz
Link to next quiz in quiz playlist
You Got
0%
They Got
Avg Score
44%
Avg Friend Score
Upgrade to see
Score Distribution
Jump to the score distribution portion of the page
Score
0/43
Timer
10:00
0
Plays Today
Year
Player
% Correct
2014-
2015
Johnny Manziel
92.3%
2012-
2013
Brandon Weeden
92%
1999-
2003
Tim Couch
88%
2006-
2009
Derek Anderson
84%
2007-
2009
Brady Quinn
84%
2010-
2012
Colt McCoy
84%
2017
DeShone Kizer
83.3%
2001-
2004
Kelly Holcomb
80%
2015-
2016
Josh McCown
77.8%
2016
Robert Griffin III
77.8%
2013
Jason Campbell
73.1%
2013-
2014
Brian Hoyer
73.1%
2016-
2017
Kevin Hogan
70.6%
2005-
2007
Charlie Frye
70%
2010-
2011
Seneca Wallace
70%
2004
Jeff Garcia
68%
2005
Trent Dilfer
68%
2010
Jake Delhomme
68%
2016
Cody Kessler
66.7%
2006,2008
Ken Dorsey
66%
2004
Luke McCown
64%
2008
Bruce Gradkowski
62%
Year
Player
% Correct
1999
Ty Detmer
60%
2012
Thaddeus Lewis
60%
2000
Spergon Wynn
54%
2006,2008-
2010
Josh Cribbs
54%
2016
Duke Johnson Jr
53.3%
1999-
2000,2002-
2003
Kevin Johnson
52%
2016
Terrelle Pryor
50%
2016
Charlie Whitehurst
50%
2014
Connor Shaw
46.2%
2000
Doug Pederson
46%
2009
Phil Dawson
42%
2015
Austin Davis
38.9%
2002-
2005
Frisman Jackson
34%
2010
Peyton Hillis
32%
2003
Dennis Northcutt
22%
2013
Spencer Lanning
19.2%
1999
Terry Kirby
14%
2010
Mohamed Massaquoi
14%
2000
Kevin Thompson
12%
2003
Brant Boyer
10%
2004
Adimchinobe Echemandu
6%
Quiz Playlist
Details
Report
Send in Message
Add To Playlist
Classic:
Type in answers that appear in a list
Quiz Source
Last Updated: Oct 8, 2017
Quiz Scoreboard
CHALLENGE
Sign Up to Join the Scoreboard
Show All
Scores
Hide
Comments
May contain spoilers
Recently Published
Movies - When Are They Set?
by FPL_Elf
Movies
5m
Popular People in 1961
by mucciniale
History
6m
1-10 Letter E Words III
by El_Dandy
Language
2m
More to Explore
Quiz From the Vault
Featured Blog Post
Where Did the Easter Bunny Come From?
hide this ad
You Might Also Like...
Tags
Football Quiz
Cleveland
Cleveland Browns
Quarterbacks
Today's Top Quizzes in Sports
Browse Sports
hide this ad
Today's Top Quizzes in Football
Browse Football
Top Contributed Quizzes in Sports
1
Les meilleurs buteurs des matchs entre le PSG et l’OM
2
FIFA Club World Cup Champions
3
Les entraîneurs de l'OM et du PSG au 21e siècle
4
2022 World Cup Stars
5
Name the Premier League winners with different clubs
6
La finale Lions - Afrique du Sud 2021
7
Criteria MLB: Left Handed Sluggers
8
Les joueurs passés par le LOSC et le RC Lens
9
Players with Multiple 50 Home Run Seasons
10
MLB Players with Two .350 Batting Average Seasons
Explore More
Trending Topics
Harry Potter
Marvel
Disney
Kpop
NBA
Anime
Crossword
NFL
Soccer
The Office
WWE
Puzzle
Song
Pokémon
Country
hide this ad
More By:
yutzyheat
Quiz
Plays
Rating
Category
Featured
Created
OHSAA Nicknames- Most Popular
193
Sports
Mar 22, 2012
Ohio State Basketball 1,000 point scorers
149
Sports
Mar 17, 2013
OHSAA Northeast District Nicknames
143
5.00
Sports
Mar 20, 2012
OHSAA Northwest District Nicknames
141
5.00
Sports
Mar 22, 2012
Petra Song List
114
4.50
Music
Apr 7, 2012
Go to Creator's Profile
Score Distribution
Quiz Creator Spotlight
yutzyheat
Follow
Send a Message
Quizzes Created
-
Created Quiz Play Count
-
More By This Creator
Popular Quizzes Today
1
Find the Countries of Europe - No Outlines Minefield
2
Find the US States - No Outlines Minefield
3
The Countries of the World
4
Popular People in 1961
5
1-10 Letter E Words III
6
US States
7
Find the US States
8
One Thing in Common: World Cities II
More Sports Quizzes
Grand Prix and F1 Top 3s
Quiz Lab
Trending Quizzes
Risky Map Clicking: Least Populous States A-Z
Humor Books: The Subtitles
1-10 Letter F Words
1-10 Letter G Words
One Thing in Common: United Kingdom
Recently Updated
Leaping Animals
pecheneg
Reality TV Shows (A-Z)
bhenderson79
Rickey Henderson's Hall of Fame Teammates
pecheneg
Champions League XIs: Arsenal
pecheneg
Quick Pick: Celebrities in WWE's Hall of Fame
aduchscher
A-Z Keypad Blitz II
pecheneg
Multiple Oscar Actors
pecheneg
Mystery Phrase Blitz: Oscar 'Best Actors'
pecheneg
F. Scott Fitzgerald Novels
LTH
Pick 3 Villains
ddd62291
Trending Topics
Harry Potter
NBA
Crossword
Anime
Marvel
Disney
Kpop
WWE
Song
NFL
The Office
Pokémon
Country
Puzzle
Soccer
Your Account Isn't Verified!
In order to create a playlist on Sporcle, you need to verify the email address you used during registration. Go to your
Sporcle Settings
to finish the process.
Report this User
Report this user for behavior that violates our
Community Guidelines
.
Details:
Send Report
Go to the Sporcle.com Mobile Site →
Comments